000 00552cam a22002171 4500
001 sa 62001198
003 DLC
005 20260227111918.0
008 890417s1962 ii 000 0 hino
010 _asa 62001198
035 _a(OCoLC)19560015
040 _aDLC
_cWaU
_dDLC
041 0 _ahinurd
050 0 0 _aPK2184
_b.A8
100 1 _aAśka, Upendranātha,
_d1910-1996.
245 1 0 _aUrdū kī behatarīna nazmeṃ.
260 _c[1962]
300 _a140 p.
_c19 cm.
500 _aIn Hindi.
650 0 _aUrdu poetry
_xTranslations into Hindi.
999 _c53207
_d53207